Normal view
MARC view
- Aquilano, Nicholas J , Chase, Richard B
Entry Personal Name
001 - CONTROL NUMBER
- control field: 65877
003 - CONTROL NUMBER IDENTIFIER
- control field: NUST
005 - DATE AND TIME OF LATEST TRANSACTION
- control field: 20210628203514.0
008 - FIXED-LENGTH DATA ELEMENTS
- fixed length control field: 210628|| aca||aabn | a|a d
040 ## - CATALOGING SOURCE
- Original cataloging agency: NUST
- Transcribing agency: NUST
100 ## - HEADING--PERSONAL NAME
- Personal name: Aquilano, Nicholas J , Chase, Richard B
670 ## - SOURCE DATA FOUND
- Source citation: Work cat.: (NUST): Aquilano, Nicholas J , Chase, Richard B, Production ad operation management , a life cycle approach, 1989
